| 000 | 00424nam a2200157Ia 4500 | ||
|---|---|---|---|
| 005 | 20250606004904.0 | ||
| 008 | 240331s9999 xx 000 0 und d | ||
| 020 | _a9559569546 | ||
| 082 |
_bDES _a305 |
||
| 100 | _aDe Silve,M.U | ||
| 245 | 0 | _aSri Lankawekula wadawasam kramaya | |
| 260 |
_aKudawatha _bAbhaya Printers and Publishers _c1998 |
||
| 300 | _a141 p ., | ||
| 500 | _aCaste Feudal System in Sri Lanka | ||
| 942 | _cL | ||
| 999 |
_c1511 _d1511 |
||